000 01105nam a22002657a 4500
999 _c61764
_d61764
005 20240530110515.0
008 160117b2013 ua g b 000 0 ara d
017 _a2013/16185
_bمصر . دار الكتب المصرية
020 _a9789774383561
040 _aEG-CaGPL
082 0 4 _221
_a229.7\
_bم م
100 0 _aمصطفى شعبان المصرى
245 1 0 _aمن الاعجاز اللغوى فى القران :
_bدراسة لغوية اسلوبية فى مناسبة اللفظ لسياق الحال /
_cتاليف مصطفى شعبان المصرى ؛ تقديم عبده الراجحى
250 _aط1
260 _aالاسكندرية :
_bالمكتب الجامعى الحديث ،
_c2013 .
300 _a428 ص ؛
_c24 سم .
504 _aيشتمل على ارجاعات ببليوجرافية
650 0 4 _aالقران
_xالفاظ
650 0 4 _aالقران
_xاعجاز
650 0 4 _aالقران
_xاسرار
650 0 4 _aالقران
_xبلاغة
700 0 _aعبده الراجحى
_eمقدم
942 _2ddc
_cBK